00625nam a2200217Ia 450000500170000000800410001702000230005804000190008104100120010008200130011210000190012524500500014425000340019426000340022830000230026250400500028563000240033565000180035965100200037785000100039720231202101510.0131103s9999 xx 000 0 und d a333548086cRs. 100 aLoreto College aEnglish a396bJEF aJeffrey, Robin aPolitics, Women and Well-BeingcRobin Jeffrey a How Kerala became 'a Model'  aLondonbMacmillan Pressc1992 axviii,285p, 22 cm. aIncludes bibliographical references and index aWomen, Case Study  aWomen Studies aWomen, Politics aLCLIB